[Event "Women Team Championship Preliminaries"]
[Site "Mulhouse"]
[Date "2016.05.06"]
[Round "2.1"]
[White "Javakhishvili, Lela"]
[Black "Daulyte, Deimante"]
[Result "1-0"]
[WhiteElo "2493"]
[BlackElo "2392"]
[PlyCount "67"]
[EventDate "2016.05.05"]
[EventType "team"]
[EventRounds "5"]
[EventCountry "FRA"]
[WhiteTeam "Bischwiller"]
[BlackTeam "Montpellier"]

1. Nf3 d5 2. e3 Nf6 3. c4 e6 4. b3 Bd6 5. Bb2 b6 6. g4 h6 7. Rg1 Bb7 8. Nc3
Nbd7 9. cxd5 exd5 10. Nb5 Be7 11. Nbd4 a6 12. h4 Nc5 13. Nf5 Bf8 14. g5 hxg5
15. hxg5 Nfe4 16. d3 Nd6 17. Nxg7+ Kd7 18. b4 Bxg7 19. Bxg7 Ne6 20. Bf6 Qf8 21.
Ne5+ Kc8 22. Qg4 Ne4 23. a3 Nxf6 24. gxf6 a5 25. Ng6 fxg6 26. Qxe6+ Kb8 27.
Rxg6 axb4 28. f7 Bc8 29. Qe5 Rxa3 30. Rxb6+ Bb7 31. Rb1 b3 32. R6xb3 Rxb3 33.
Rxb3 Qd8 34. Qb2 1-0

[Event "Women Team Championship Preliminaries"]
[Site "Mulhouse"]
[Date "2016.05.06"]
[Round "2.2"]
[White "Vojinovic, Jovana"]
[Black "Maisuradze, Nino"]
[Result "0-1"]
[WhiteElo "2344"]
[BlackElo "2239"]
[PlyCount "80"]
[EventDate "2016.05.05"]
[EventType "team"]
[EventRounds "5"]
[EventCountry "FRA"]
[WhiteTeam "Montpellier"]
[BlackTeam "Bischwiller"]

1. Nf3 d5 2. d4 Nf6 3. c4 e6 4. Nc3 Be7 5. cxd5 exd5 6. Bg5 c6 7. e3 Bf5 8. Nh4
Be6 9. Bd3 h6 10. Bf4 Ne4 11. Nf3 Nxc3 12. bxc3 Bd6 13. h3 Qc7 14. Bxd6 Qxd6
15. Ne5 Nd7 16. f4 Nxe5 17. fxe5 Qe7 18. O-O h5 19. a4 Rh6 20. a5 a6 21. Rb1
Rd8 22. Qe1 h4 23. Kh1 Rd7 24. Rb4 Qg5 25. Qf2 Rc7 26. Rfb1 Bc8 27. e4 Kf8 28.
Rb6 dxe4 29. Bxe4 Qe7 30. Bf5 Bxf5 31. Qxf5 Re6 32. Rxa6 g6 33. Ra8+ Kg7 34.
Qf2 c5 35. Qb2 cxd4 36. cxd4 f6 37. exf6+ Qxf6 38. Rb8 Ree7 39. Qd2 Rcd7 40. d5
Qe5 0-1

[Event "Women Team Championship Preliminaries"]
[Site "Mulhouse"]
[Date "2016.05.06"]
[Round "2.3"]
[White "Fischer, Julie"]
[Black "Hamdouchi, Adina-Maria"]
[Result "1/2-1/2"]
[WhiteElo "2007"]
[BlackElo "2209"]
[PlyCount "89"]
[EventDate "2016.05.05"]
[EventType "team"]
[EventRounds "5"]
[EventCountry "FRA"]
[WhiteTeam "Montpellier"]
[BlackTeam "Bischwiller"]

1. e4 d6 2. d4 g6 3. Nc3 Bg7 4. f4 Nf6 5. Nf3 O-O 6. Bd3 Na6 7. O-O c5 8. d5
Bg4 9. Kh1 Nc7 10. a4 a6 11. a5 e6 12. h3 Bxf3 13. Qxf3 Rb8 14. Bc4 exd5 15.
exd5 b5 16. axb6 Rxb6 17. Ra2 Nb5 18. Bxb5 axb5 19. f5 Nd7 20. Ne4 Ne5 21. Qg3
f6 22. Bf4 gxf5 23. Bh6 Qe7 24. Rxf5 Ng6 25. Bxg7 Kxg7 26. Qg4 Rbb8 27. Ra1
Rbe8 28. Re1 Kh8 29. Rh5 Rg8 30. Qf5 Qg7 31. Rg1 Re5 32. Qf3 Rxh5 33. Qxh5 Qe7
34. Qf5 Rf8 35. Qe6 Qxe6 36. dxe6 Re8 37. Nxd6 Rxe6 38. Nxb5 Re2 39. Na3 Nf4
40. Rf1 Nxg2 41. Rxf6 Ne3 42. Rc6 Nxc2 43. Rxc5 Nxa3 44. bxa3 Re3 45. a4
1/2-1/2

[Event "Women Team Championship Preliminaries"]
[Site "Mulhouse"]
[Date "2016.05.06"]
[Round "2.4"]
[White "Haussernot, Cecile"]
[Black "Bellahcene, Meriem"]
[Result "0-1"]
[WhiteElo "2087"]
[BlackElo "1858"]
[PlyCount "86"]
[EventDate "2016.05.05"]
[EventType "team"]
[EventRounds "5"]
[EventCountry "FRA"]
[WhiteTeam "Montpellier"]
[BlackTeam "Bischwiller"]

1. d4 d5 2. c4 e6 3. Nc3 c6 4. Nf3 f5 5. Bf4 Nf6 6. e3 Be7 7. Bd3 O-O 8. h3 a6
9. Ne5 Ne4 10. Qc2 Bd7 11. Bxe4 fxe4 12. f3 exf3 13. gxf3 Be8 14. O-O-O Nd7 15.
Qg2 Nxe5 16. dxe5 Bg6 17. h4 Rf5 18. Rdg1 Qf8 19. Ne2 Bc5 20. h5 Rxh5 21. Rxh5
Bxh5 22. Qh3 Qf7 23. a3 a5 24. Nc3 Bg6 25. Na4 Ba7 26. c5 Rb8 27. Kd2 b5 28.
cxb6 Bxb6 29. Rc1 Qd7 30. b4 axb4 31. axb4 Ba7 32. Qf1 Qb7 33. Qd1 Qxb4+ 34.
Ke2 c5 35. Bg3 c4 36. Be1 Qa3 37. Nc3 Bd3+ 38. Kf2 Rb2+ 39. Bd2 Qe7 40. Ne2
Qh4+ 41. Kg2 Bxe3 42. Qa4 Qf2+ 43. Kh1 Qxf3+ 0-1

[Event "Women Team Championship Preliminaries"]
[Site "Mulhouse"]
[Date "2016.05.06"]
[Round "2.1"]
[White "Madl, Ildiko"]
[Black "Leriche, Ines"]
[Result "1-0"]
[WhiteElo "2321"]
[BlackElo "1912"]
[PlyCount "65"]
[EventDate "2016.05.05"]
[EventType "team"]
[EventRounds "5"]
[EventCountry "FRA"]
[WhiteTeam "Juvisy sur Orge"]
[BlackTeam "Poitiers-Migne"]

1. e4 c5 2. Nf3 g6 3. d4 cxd4 4. Qxd4 Nf6 5. Nc3 Nc6 6. Qa4 d6 7. e5 dxe5 8.
Nxe5 Bg7 9. Nxc6 bxc6 10. Be2 O-O 11. O-O Qc7 12. Bf3 Bb7 13. Re1 Nd5 14. Ne4
c5 15. Qc4 Rac8 16. c3 Nb6 17. Qe2 Bd5 18. Ng5 Bc4 19. Qxe7 Rce8 20. Qxe8 Rxe8
21. Rxe8+ Bf8 22. Re1 Bd3 23. g3 Bd6 24. Nh3 h5 25. Bf4 Nc4 26. Rad1 Bxf4 27.
Nxf4 Bc2 28. Re8+ Kg7 29. Rde1 Ba4 30. R8e7 Qd6 31. Bd5 Nd2 32. Rxf7+ Kh6 33.
Re6 1-0

[Event "Women Team Championship Preliminaries"]
[Site "Mulhouse"]
[Date "2016.05.06"]
[Round "2.2"]
[White "Sommer, Hannah"]
[Black "Rasinaru, Alina"]
[Result "0-1"]
[WhiteElo "1764"]
[BlackElo "1941"]
[PlyCount "104"]
[EventDate "2016.05.05"]
[EventType "team"]
[EventRounds "5"]
[EventCountry "FRA"]
[WhiteTeam "Poitiers-Migne"]
[BlackTeam "Juvisy sur Orge"]

1. d4 d5 2. Nf3 Nf6 3. Bg5 Nbd7 4. e3 Ne4 5. Bh4 Ndf6 6. c4 e6 7. Nc3 Be7 8.
Be2 O-O 9. O-O c6 10. Qc2 Nxc3 11. bxc3 Re8 12. cxd5 exd5 13. c4 Bg4 14. Ne5
Bxe2 15. Qxe2 Nd7 16. Bxe7 Rxe7 17. Nxd7 Qxd7 18. c5 f5 19. Qd2 Rf8 20. Rab1 f4
21. exf4 Qg4 22. Rfe1 Rxe1+ 23. Rxe1 Qxf4 24. Qe3 Qxe3 25. fxe3 Re8 26. Kf2 Kf7
27. Ke2 Kf6 28. Rf1+ Ke6 29. a4 b6 30. cxb6 axb6 31. Rb1 Rb8 32. Kd3 Kd6 33. e4
dxe4+ 34. Kxe4 b5 35. Rb4 Re8+ 36. Kd3 Rb8 37. Ke4 h6 38. h3 Rb7 39. d5 Re7+
40. Kd3 Kc5 41. d6 Rd7 42. Rd4 bxa4 43. Rxa4 Rxd6+ 44. Kc3 Kb5 45. Rb4+ Kc5 46.
Rb2 Re6 47. Kd3 Kd5 48. Ra2 c5 49. Ra5 Rb6 50. Kc3 Rg6 51. Ra2 Rg3+ 52. Kb2
Rxg2+ 0-1

[Event "Women Team Championship Preliminaries"]
[Site "Mulhouse"]
[Date "2016.05.06"]
[Round "2.3"]
[White "Millet, Maud"]
[Black "Marchais, Aurelie"]
[Result "1/2-1/2"]
[WhiteElo "1977"]
[BlackElo "1782"]
[PlyCount "59"]
[EventDate "2016.05.05"]
[EventType "team"]
[EventRounds "5"]
[EventCountry "FRA"]
[WhiteTeam "Juvisy sur Orge"]
[BlackTeam "Poitiers-Migne"]

1. Nc3 c6 2. e4 d5 3. Nf3 Bg4 4. d4 dxe4 5. Nxe4 Bxf3 6. gxf3 e6 7. Bf4 Nf6 8.
Nxf6+ Qxf6 9. Be5 Qd8 10. c3 Nd7 11. Bg3 Qb6 12. Qe2 Be7 13. h4 c5 14. Rd1 cxd4
15. Rxd4 Bc5 16. Rd2 Rd8 17. h5 h6 18. Bh3 O-O 19. Rg1 Kh8 20. Bh4 Nf6 21. Rc2
Rd5 22. Bxf6 gxf6 23. f4 Qd8 24. Rg3 Rg8 25. Bg2 Rd7 26. Bf3 Bd6 27. Qe3 b6 28.
b4 e5 29. f5 e4 30. Qxh6# 1/2-1/2

[Event "Women Team Championship Preliminaries"]
[Site "Mulhouse"]
[Date "2016.05.06"]
[Round "2.4"]
[White "Gros, Rachel"]
[Black "Bismuth, Lea"]
[Result "0-1"]
[WhiteElo "1611"]
[BlackElo "1881"]
[PlyCount "86"]
[EventDate "2016.05.05"]
[EventType "team"]
[EventRounds "5"]
[EventCountry "FRA"]
[WhiteTeam "Poitiers-Migne"]
[BlackTeam "Juvisy sur Orge"]

1. e4 e5 2. Nf3 Nc6 3. Bc4 Nf6 4. d3 Be7 5. c3 O-O 6. O-O d6 7. Re1 Na5 8. Bb5
a6 9. Ba4 b5 10. Bc2 c5 11. Nbd2 Bb7 12. Nf1 Qc7 13. Ng3 Nc6 14. Nf5 Rad8 15.
N3h4 g6 16. Nh6+ Kh8 17. Qf3 Ng8 18. Qg3 Bc8 19. Bb3 Bf6 20. Nf3 Be6 21. Nxg8
Kxg8 22. Bh6 Bg7 23. Qh4 Bxb3 24. axb3 f6 25. Bd2 a5 26. Ra2 Rd7 27. Rea1 Rfd8
28. Be3 Rf7 29. Rc1 Bf8 30. d4 c4 31. bxc4 bxc4 32. d5 Ne7 33. Rca1 Ra8 34. Nd2
f5 35. f3 Nc8 36. Qf2 f4 37. Bxf4 Rxf4 38. Ra4 Ne7 39. Rxc4 Qb7 40. Ra2 Bh6 41.
Rca4 Qb5 42. Nc4 Nxd5 43. Nxe5 dxe5 0-1

[Event "Women Team Championship Preliminaries"]
[Site "Mulhouse"]
[Date "2016.05.06"]
[Round "2.4"]
[White "Haast, Anne"]
[Black "Doluhanova, Evgeniya"]
[Result "0-1"]
[WhiteElo "2309"]
[BlackElo "2262"]
[PlyCount "108"]
[EventDate "2016.05.05"]
[EventType "team"]
[EventRounds "5"]
[EventCountry "FRA"]
[WhiteTeam "Cannes"]
[BlackTeam "Vandoeuvre"]

1. e4 c5 2. Nf3 d6 3. d4 cxd4 4. Nxd4 Nf6 5. Nc3 a6 6. h3 e5 7. Nde2 Be7 8. g4
Be6 9. Bg2 h5 10. g5 Nfd7 11. h4 Nc6 12. Be3 Rc8 13. Qd2 Nb6 14. b3 Nb8 15. a4
O-O 16. O-O Qc7 17. Rfc1 g6 18. a5 N6d7 19. Nd5 Bxd5 20. Qxd5 Nc6 21. Bh3 Nc5
22. Nc3 Nd4 23. Bxd4 exd4 24. Ne2 Ne6 25. Bxe6 fxe6 26. Qxe6+ Kh7 27. Ra4 Rce8
28. Qh3 d5 29. e5 Qxe5 30. Nxd4 Bxg5 31. hxg5 Qxg5+ 32. Qg3 Qxc1+ 33. Kg2 Qf4
34. Rb4 Qxg3+ 35. Kxg3 Re7 36. Rb6 h4+ 37. Kg2 h3+ 38. Kxh3 Rxf2 39. Kg3 Rd2
40. Ne6 Rxc2 41. Rd6 Rc6 42. Ng5+ Kg7 43. Rxd5 Rc3+ 44. Kf4 Rxb3 45. Rd4 Rb5
46. Ra4 Ree5 47. Nf3 Rxa5 48. Rd4 Red5 49. Re4 Rf5+ 50. Kg4 b5 51. Nd4 Ra4 52.
Kg3 Rd5 53. Ne6+ Kf6 54. Re2 Re5 0-1

[Event "Women Team Championship Preliminaries"]
[Site "Mulhouse"]
[Date "2016.05.06"]
[Round "2.2"]
[White "Steil-Antoni, Fiona"]
[Black "Bensdorp-Delabaca, Marlies"]
[Result "1-0"]
[WhiteElo "2185"]
[BlackElo "2223"]
[PlyCount "133"]
[EventDate "2016.05.05"]
[EventType "team"]
[EventRounds "5"]
[EventCountry "FRA"]
[WhiteTeam "Vandoeuvre"]
[BlackTeam "Cannes"]

1. e4 e6 2. d4 d5 3. Nc3 Nc6 4. e5 Nge7 5. f4 Nf5 6. Nce2 h5 7. Nf3 b6 8. Ng3
Nh4 9. Nxh4 Qxh4 10. c3 Bd7 11. Bd3 g6 12. O-O Na5 13. Qc2 Rg8 14. b4 Nc6 15.
a3 Qd8 16. Ne2 a5 17. b5 Na7 18. a4 c6 19. Qb3 cxb5 20. axb5 Bc8 21. Be3 Bb7
22. c4 Rc8 23. Rac1 dxc4 24. Bxc4 Rxc4 25. Qxc4 Bd5 26. Qd3 Bb4 27. Nc3 Bb7 28.
Ne4 Be7 29. Rf2 Qd7 30. Nc3 Bb4 31. Na4 Qxb5 32. Qxb5+ Nxb5 33. Nxb6 Kd8 34.
Bd2 Ke7 35. Bxb4+ axb4 36. Rc5 Ba6 37. Ra2 Na3 38. Ra5 Bd3 39. R5xa3 bxa3 40.
Rxa3 Be4 41. Ra7+ Kf8 42. Nc4 Bd5 43. Nd6 Rg7 44. Rc7 f5 45. Rxg7 Kxg7 46. g3
Kf8 47. Kf2 Ke7 48. Ke3 Kf8 49. Kd3 Ke7 50. Kc3 Bf3 51. Kc4 Bg2 52. Kc5 Bf3 53.
Kb6 Bg2 54. Kc7 Bd5 55. Nc8+ Ke8 56. Kd6 Bb3 57. Ne7 Kf7 58. Nc6 Ke8 59. Nb4
Bc4 60. d5 exd5 61. Nxd5 Bb3 62. e6 Ba4 63. Nf6+ Kf8 64. Nd7+ Ke8 65. Ne5 Bb5
66. Nxg6 Bd3 67. Ke5 1-0

[Event "Women Team Championship Preliminaries"]
[Site "Mulhouse"]
[Date "2016.05.06"]
[Round "2.4"]
[White "Verot, Melanie"]
[Black "Leclair, Marie"]
[Result "1-0"]
[WhiteElo "2042"]
[BlackElo "1953"]
[PlyCount "49"]
[EventDate "2016.05.05"]
[EventType "team"]
[EventRounds "5"]
[EventCountry "FRA"]
[WhiteTeam "Cannes"]
[BlackTeam "Vandoeuvre"]

1. d4 Nf6 2. c4 g6 3. Nc3 Bg7 4. e4 d6 5. f4 O-O 6. Nf3 Na6 7. e5 dxe5 8. fxe5
Nd7 9. Bf4 c5 10. d5 f6 11. e6 Ne5 12. Be2 Nc7 13. O-O Ne8 14. Qd2 Nd6 15. Nxe5
fxe5 16. Bh6 Nf5 17. Bxg7 Kxg7 18. g4 Nd6 19. Rxf8 Qxf8 20. Rf1 Qg8 21. Qg5 Qe8
22. Qxe5+ Kg8 23. Nb5 Qd8 24. Nxd6 Qxd6 25. Rf8+ 1-0

[Event "Women Team Championship Preliminaries"]
[Site "Mulhouse"]
[Date "2016.05.06"]
[Round "2.4"]
[White "Sidibe, Malika"]
[Black "Gras, Delphine"]
[Result "1-0"]
[WhiteElo "1760"]
[BlackElo "1942"]
[PlyCount "131"]
[EventDate "2016.05.05"]
[EventType "team"]
[EventRounds "5"]
[EventCountry "FRA"]
[WhiteTeam "Vandoeuvre"]
[BlackTeam "Cannes"]

1. e4 c6 2. d4 d5 3. exd5 cxd5 4. Bd3 Nc6 5. c3 Qc7 6. Ne2 Bg4 7. f3 Bd7 8. Bf4
e5 9. dxe5 Nxe5 10. O-O Bd6 11. Nd4 Ne7 12. Kh1 Qb6 13. Qe2 Nxd3 14. Bxd6 Qxd6
15. Qxd3 O-O 16. Na3 a6 17. Rfe1 Ng6 18. Nac2 Ne5 19. Qf1 Rfe8 20. Rad1 Qb6 21.
Nb4 Rac8 22. Nb3 Bc6 23. Nxd5 Qa7 24. Nb4 Bb5 25. Qg1 Qxg1+ 26. Kxg1 Nc4 27.
Nd3 Ne3 28. Rd2 Rcd8 29. Nd4 Nc4 30. Rdd1 Ne3 31. Rd2 Nc4 32. Rde2 Rxe2 33.
Rxe2 Nxb2 34. Rxb2 Bxd3 35. Rxb7 g6 36. Nc6 Re8 37. Rb8 Rxb8 38. Nxb8 Bb5 39.
a4 Bxa4 40. Nxa6 Bb5 41. Nb4 Kf8 42. Kf2 Ke7 43. Ke3 Kd6 44. Kd4 Bf1 45. g3 Bg2
46. f4 h5 47. c4 f6 48. c5+ Ke6 49. Nc2 Bh1 50. Ne3 Ba8 51. Kc4 g5 52. Kb5 Be4
53. Kb6 h4 54. c6 hxg3 55. hxg3 gxf4 56. c7 fxe3 57. c8=Q+ Ke5 58. Qc3+ Kf5 59.
Qxe3 Bd5 60. Kc5 Bf7 61. Kd6 Kg6 62. Qf4 f5 63. Ke5 Be8 64. Qxf5+ Kh6 65. Kf6
Bf7 66. Qg5+ 1-0

[Event "Women Team Championship Preliminaries"]
[Site "Mulhouse"]
[Date "2016.05.06"]
[Round "2.1"]
[White "Guichard, Pauline"]
[Black "Cramling, Pia"]
[Result "0-1"]
[WhiteElo "2386"]
[BlackElo "2471"]
[PlyCount "138"]
[EventDate "2016.05.05"]
[EventType "team"]
[EventRounds "5"]
[EventCountry "FRA"]
[WhiteTeam "Bois-Colombes"]
[BlackTeam "Monaco"]

1. d4 d5 2. Nf3 Nf6 3. e3 e6 4. Bd3 b6 5. Nbd2 Bb7 6. Ne5 Bd6 7. f4 c5 8. c3
Nbd7 9. O-O O-O 10. Qf3 Ne8 11. Qh3 f5 12. Ndf3 Be7 13. g4 Nd6 14. Bd2 Ne4 15.
Be1 Nxe5 16. Nxe5 a5 17. Rf3 Ba6 18. Bxe4 dxe4 19. Rg3 Bf6 20. gxf5 Bxe5 21.
dxe5 Rxf5 22. Qh6 Qe7 23. Rg2 Qf7 24. Qh3 Rd8 25. Bh4 Rd7 26. Qg4 Qh5 27. h3
Kf8 28. Kh2 a4 29. Bf6 g6 30. Bg5 Qxg4 31. hxg4 Rff7 32. f5 gxf5 33. Bf6 fxg4
34. Rxg4 Rd2+ 35. Kh3 Bd3 36. Rag1 Ke8 37. Rg8+ Rf8 38. R8g7 Rf7 39. Rg8+ Kd7
40. Rd8+ Kc7 41. Ra8 Kb7 42. Rgg8 Bf1+ 43. Kg3 Rg2+ 44. Kf4 Rxg8 45. Rxg8 Rd7
46. Re8 Bc4 47. b3 axb3 48. axb3 Bxb3 49. Kxe4 Rd2 50. Rh8 Rf2 51. Kd3 c4+ 52.
Kd4 Rd2+ 53. Ke4 Bc2+ 54. Kf3 h5 55. Be7 Bd1+ 56. Kf4 Rf2+ 57. Ke4 Be2 58. Kd4
Rf1 59. Rh6 Rd1+ 60. Ke4 Bg4 61. Kf4 Rf1+ 62. Ke4 Kc6 63. Kd4 Kb5 64. Bb4 Bf5
65. e4 Rf4 66. Ke3 Rxe4+ 67. Kf3 Rxe5 68. Rxh5 Be4+ 69. Kg4 Bf3+ 0-1

[Event "Women Team Championship Preliminaries"]
[Site "Mulhouse"]
[Date "2016.05.06"]
[Round "2.2"]
[White "Chung, Mathilde"]
[Black "Fuchs, Judith"]
[Result "1-0"]
[WhiteElo "2165"]
[BlackElo "2342"]
[PlyCount "101"]
[EventDate "2016.05.05"]
[EventType "team"]
[EventRounds "5"]
[EventCountry "FRA"]
[WhiteTeam "Monaco"]
[BlackTeam "Bois-Colombes"]

1. d4 e6 2. c4 b6 3. Nf3 Bb7 4. g3 Bb4+ 5. Bd2 Qe7 6. Bg2 f5 7. O-O Bxd2 8.
Qxd2 Nf6 9. Nc3 d6 10. d5 e5 11. e4 fxe4 12. Ng5 Nbd7 13. b4 Ba6 14. Nb5 Nf8
15. Rac1 h6 16. Nxe4 N8h7 17. a4 O-O 18. c5 Nxe4 19. Bxe4 Ng5 20. cxd6 cxd6 21.
Qe3 Bxb5 22. axb5 Rf6 23. f4 Nxe4 24. Qxe4 Raf8 25. fxe5 Rxf1+ 26. Rxf1 Rxf1+
27. Kxf1 dxe5 28. Qc4 Kf8 29. Ke2 Qd7 30. Ke3 g6 31. Qc6 Qf5 32. Qa8+ Kf7 33.
Qxa7+ Ke8 34. Qb8+ Kf7 35. Qc7+ Kf8 36. Qd8+ Kf7 37. d6 Qe6 38. Qc7+ Kf6 39. d7
Qb3+ 40. Kf2 Qb2+ 41. Kf3 Qb3+ 42. Ke2 Qb2+ 43. Kd3 Qb3+ 44. Ke4 Qxb4+ 45. Kd5
Qxb5+ 46. Kd6 Qb4+ 47. Kc6 Qe4+ 48. Kb5 Qd3+ 49. Kxb6 Qb3+ 50. Ka7 Qa4+ 51. Kb7
1-0

[Event "Women Team Championship Preliminaries"]
[Site "Mulhouse"]
[Date "2016.05.06"]
[Round "2.3"]
[White "Congiu, Mathilde"]
[Black "Berezovska, Svletana"]
[Result "1-0"]
[WhiteElo "2267"]
[BlackElo "1823"]
[PlyCount "101"]
[EventDate "2016.05.05"]
[EventType "team"]
[EventRounds "5"]
[EventCountry "FRA"]
[WhiteTeam "Bois-Colombes"]
[BlackTeam "Monaco"]

1. e4 c5 2. Nf3 e6 3. d4 cxd4 4. c3 dxc3 5. Nxc3 a6 6. Bc4 Nc6 7. O-O Qc7 8.
Qe2 d6 9. Rd1 Nf6 10. Bg5 Be7 11. Rac1 h6 12. Bh4 g5 13. Bg3 Nh5 14. Nd5 Qd8
15. Nxe7 Nxg3 16. hxg3 Qxe7 17. b4 O-O 18. e5 d5 19. Bd3 Nxb4 20. Bb1 Nc6 21.
Nh2 f5 22. exf6 Qxf6 23. Ng4 Qg7 24. Rd3 Bd7 25. Re3 Nd4 26. Qd2 Nf5 27. Rec3
Bc6 28. Re1 d4 29. Rxc6 bxc6 30. Rxe6 h5 31. Nh6+ Nxh6 32. Rg6 Qxg6 33. Bxg6
Ra7 34. Qxg5 Nf7 35. Qxh5 Kg7 36. Bd3 Rd8 37. Qg6+ Kf8 38. Qxc6 Re7 39. f4 Rd6
40. Qc8+ Re8 41. Qf5 Ree6 42. g4 Rf6 43. Qc8+ Rd8 44. Qc5+ Kg7 45. g3 Re6 46.
g5 Re3 47. Qf5 Rxg3+ 48. Kf2 Re3 49. Qf6+ Kg8 50. Bc4 Rf8 51. g6 1-0

[Event "Women Team Championship Preliminaries"]
[Site "Mulhouse"]
[Date "2016.05.06"]
[Round "2.4"]
[White "Lomandong, Noela-Joyce"]
[Black "Dacalor, Aurelie"]
[Result "0-1"]
[WhiteElo "1807"]
[BlackElo "2001"]
[PlyCount "186"]
[EventDate "2016.05.05"]
[EventType "team"]
[EventRounds "5"]
[EventCountry "FRA"]
[WhiteTeam "Monaco"]
[BlackTeam "Bois-Colombes"]

1. Nf3 Nf6 2. g3 g6 3. Bg2 Bg7 4. c4 O-O 5. O-O c6 6. Nc3 d5 7. d4 dxc4 8. Bg5
Nbd7 9. Qc1 Nb6 10. Bh6 Be6 11. Bxg7 Kxg7 12. Rd1 Qc8 13. Ng5 Bd7 14. Nge4 Nxe4
15. Nxe4 f6 16. Nc5 Re8 17. Nxd7 Qxd7 18. e4 Qe6 19. a4 a5 20. Qc3 Red8 21. h4
Kf7 22. Qe3 Kg7 23. Qc3 Qd6 24. Kh2 Qb4 25. Qxb4 axb4 26. a5 Nc8 27. Bf1 b5 28.
axb6 Nxb6 29. Rxa8 Rxa8 30. d5 cxd5 31. exd5 Rd8 32. Re1 Kf8 33. Rd1 c3 34.
bxc3 bxc3 35. Rc1 Rc8 36. Bg2 Ke8 37. Kg1 f5 38. Kf1 Kd7 39. Ke2 Kd6 40. Rd1
Na4 41. Rc1 Kc5 42. Kd3 Kb4 43. Rb1+ Nb2+ 44. Kc2 Kc4 45. Re1 Rc7 46. Re6 Kd4
47. d6 exd6 48. Rxd6+ Ke5 49. Rd5+ Ke6 50. f4 Na4 51. Re5+ Kf6 52. Ra5 Nc5 53.
Ra8 Ne4 54. g4 Ng3 55. Ra6+ Kg7 56. g5 Ne2 57. Ra4 Rd7 58. Rc4 Rd2+ 59. Kb1
Rb2+ 60. Ka1 Rb6 61. Bf3 Ng1 62. Bd1 Rd6 63. Bc2 Nf3 64. Rc7+ Kf8 65. Rxc3 Nxh4
66. Rc8+ Ke7 67. Rh8 Ng2 68. Rxh7+ Kf8 69. Bb3 Nxf4 70. Rh8+ Ke7 71. Rh7+ Kd8
72. Rh8+ Kc7 73. Rh7+ Kb6 74. Rh6 Kc5 75. Kb2 Kd4 76. Rh4 Ke3 77. Rh2 Nd3+ 78.
Kb1 Kf4 79. Rg2 Ne5 80. Bc2 Ng4 81. Kc1 Kxg5 82. Bd1 Rd4 83. Be2 Kh4 84. Bb5 f4
85. Be2 Ne5 86. Rh2+ Kg3 87. Rh6 f3 88. Bf1 g5 89. Rh5 Kf4 90. Rh8 g4 91. Rf8+
Ke3 92. Rf5 Kf2 93. Ba6 Nd3+ 0-1

[Event "Women Team Championship Preliminaries"]
[Site "Mulhouse"]
[Date "2016.05.06"]
[Round "2.1"]
[White "Heinemann, Josefine"]
[Black "Vega Gutierrez, Sabrina"]
[Result "0-1"]
[WhiteElo "2221"]
[BlackElo "2375"]
[PlyCount "100"]
[EventDate "2016.05.05"]
[EventType "team"]
[EventRounds "5"]
[EventCountry "FRA"]
[WhiteTeam "Clichy"]
[BlackTeam "Evry"]

1. e4 c5 2. Nf3 a6 3. c3 d5 4. exd5 Qxd5 5. d4 e6 6. Be3 cxd4 7. Qxd4 Nf6 8.
Bc4 Qxd4 9. Bxd4 Nc6 10. Bb6 Nd7 11. Be3 b5 12. Be2 Bc5 13. Bxc5 Nxc5 14. O-O
Bb7 15. Nbd2 Ke7 16. Nb3 Na4 17. Rab1 Rac8 18. Nfd2 Ne5 19. Na5 Rhd8 20. Rfd1
Bd5 21. Ndb3 Nc4 22. Nxc4 bxc4 23. Nd2 Rd6 24. Nf1 Rb6 25. Ne3 Rc5 26. Nxd5+
exd5 27. Re1 Kd6 28. b4 cxb3 29. Rxb3 a5 30. Rxb6+ Nxb6 31. Rc1 Na4 32. c4 Kc7
33. Kf1 Nb6 34. Ke1 dxc4 35. Kd2 Kd6 36. Rb1 Rd5+ 37. Kc2 Kc5 38. Bf3 Rd3 39.
Be4 Ra3 40. Kb2 Ra4 41. Bxh7 Nd5 42. Bc2 c3+ 43. Kc1 Rxa2 44. Rb8 Nb4 45. Rc8+
Kd4 46. Rd8+ Ke5 47. f4+ Kxf4 48. Rd4+ Ke5 49. Re4+ Kd5 50. Rxb4 Rxc2+ 0-1

[Event "Women Team Championship Preliminaries"]
[Site "Mulhouse"]
[Date "2016.05.06"]
[Round "2.2"]
[White "Milliet, Sophie"]
[Black "Afraoui, Anaelle"]
[Result "1/2-1/2"]
[WhiteElo "2346"]
[BlackElo "1952"]
[PlyCount "117"]
[EventDate "2016.05.05"]
[EventType "team"]
[EventRounds "5"]
[EventCountry "FRA"]
[WhiteTeam "Evry"]
[BlackTeam "Clichy"]

1. e4 c5 2. Nf3 Nc6 3. Bb5 g6 4. Bxc6 dxc6 5. d3 Bg7 6. h3 Nf6 7. Nc3 Nd7 8.
Be3 e5 9. Qd2 Qe7 10. O-O Nf8 11. Bh6 f6 12. Bxg7 Qxg7 13. Nh4 Ne6 14. Ne2 O-O
15. a3 Nd4 16. Nxd4 cxd4 17. f4 exf4 18. Rxf4 Qc7 19. Raf1 Kg7 20. Nf3 c5 21.
e5 f5 22. Rh4 Kg8 23. c3 dxc3 24. bxc3 Rf7 25. d4 cxd4 26. cxd4 Be6 27. Ng5 Re7
28. Nxe6 Rxe6 29. Qa2 Rae8 30. Rhf4 Qb6 31. Kh2 Kg7 32. g4 fxg4 33. Rf7+ Kh8
34. Qf2 g3+ 35. Kxg3 Qd8 36. Qf4 Rc6 37. Rf3 g5 38. Qf5 Rh6 39. Rd7 Qc8 40. Qf7
Rg8 41. e6 Qc1 42. Kg2 Qd2+ 43. Rf2 Qe3 44. Qf5 g4 45. h4 Qh3+ 46. Kg1 Qg3+ 47.
Kf1 Qh3+ 48. Ke2 Qg3 49. Rxb7 Qd6 50. Qe5+ Qxe5+ 51. dxe5 Rxe6 52. Rb5 g3 53.
Rg2 Rge8 54. Rxg3 Rxe5+ 55. Rxe5 Rxe5+ 56. Kd3 Ra5 57. Kc2 Ra4 58. h5 Ra5 59.
h6 1/2-1/2

[Event "Women Team Championship Preliminaries"]
[Site "Mulhouse"]
[Date "2016.05.06"]
[Round "2.3"]
[White "Bonvalot, Isabelle"]
[Black "Safranska, Anda"]
[Result "0-1"]
[WhiteElo "1908"]
[BlackElo "2223"]
[PlyCount "68"]
[EventDate "2016.05.05"]
[EventType "team"]
[EventRounds "5"]
[EventCountry "FRA"]
[WhiteTeam "Clichy"]
[BlackTeam "Evry"]

1. e4 Nf6 2. e5 Nd5 3. d4 d6 4. Nf3 c6 5. Be2 dxe5 6. Nxe5 Bf5 7. c4 Nb4 8. Na3
e6 9. O-O Nd7 10. Nf3 Be7 11. Bd2 Na6 12. Nc2 O-O 13. Ne3 Be4 14. Bc3 Nc7 15.
a4 a5 16. Nd2 Nf6 17. Nxe4 Nxe4 18. Bd3 Nf6 19. Qf3 Na6 20. Rad1 Nb4 21. Bb1
Qc7 22. Qh3 g6 23. f4 Rad8 24. g4 c5 25. d5 exd5 26. Be5 Qc8 27. f5 d4 28. Qh6
dxe3 29. Rxd8 Rxd8 30. fxg6 Qxg4+ 31. Kh1 hxg6 32. Bxf6 Bxf6 33. Bxg6 fxg6 34.
Qxe3 Rd1 0-1

[Event "Women Team Championship Preliminaries"]
[Site "Mulhouse"]
[Date "2016.05.06"]
[Round "2.4"]
[White "Huisman, Chloe"]
[Black "Milroy, Melena"]
[Result "1/2-1/2"]
[WhiteElo "1948"]
[BlackElo "1510"]
[PlyCount "92"]
[EventDate "2016.05.05"]
[EventType "team"]
[EventRounds "5"]
[EventCountry "FRA"]
[WhiteTeam "Evry"]
[BlackTeam "Clichy"]

1. e4 d5 2. exd5 Nf6 3. Bb5+ Nbd7 4. Nf3 a6 5. Ba4 b5 6. Bb3 Nb6 7. d4 Nfxd5 8.
Ne5 e6 9. Qf3 Qf6 10. Qxf6 Nxf6 11. O-O Bb7 12. c4 bxc4 13. Nxc4 Nxc4 14. Bxc4
Be7 15. Nc3 O-O 16. h3 Rfd8 17. Rd1 Rac8 18. Be3 Nd7 19. Na4 Nb6 20. Nxb6 cxb6
21. Rac1 b5 22. Bb3 Bf6 23. Rxc8 Rxc8 24. Kf1 Kf8 25. f3 Rd8 26. Ke2 Ke7 27.
Bc2 h6 28. Be4 Bd5 29. b3 Bg5 30. Bxg5+ hxg5 31. Bxd5 Rxd5 32. Ke3 e5 33. Rd3
Ke6 34. dxe5 Rxd3+ 35. Kxd3 Kxe5 36. g3 Kd5 37. Kc3 Kc5 38. b4+ Kd5 39. Kd3 Ke5
40. Ke3 Kd5 41. Kd3 Ke5 42. Ke3 Kd5 43. Kd3 Ke5 44. a3 Kd5 45. Kc3 Ke5 46. Kd3
Kd5 1/2-1/2